| 000 | 01159nam a22002897a 4500 | ||
|---|---|---|---|
| 003 | OSt | ||
| 005 | 20240426121143.0 | ||
| 007 | ta | ||
| 008 | 210309b 2020 dr a 00| 0 spa d | ||
| 020 | _a9789945917352 | ||
| 040 |
_aDO-SdBNP _bspa _cBPMSU |
||
| 082 | 4 |
_a616.89156 _bF673t 2020 _222 |
|
| 100 | 1 | _aFoundeur, Eleonora | |
| 245 | 1 | 0 |
_aTras las huellas : _balcances y límites de la terapia de constelaciones familiares individuales y grupales desde mi práctica terapéutica profesional / _cEleonora Fondeur ; edición, Piero Espinal Estévez ; ilustraciones, Juan José Vásquez ; prólogo, Isabela Oliveira. |
| 260 |
_aSan José de las Matas, República Dominicana : _bOpus, _c2020. |
||
| 300 |
_a150 p. : _bil. ; _c22 cm. |
||
| 500 | _aIncluye datos biográficos de la autora en las solapas. | ||
| 504 | _aBibliografía : p. 11-115 | ||
| 590 | _aInventariado, 2024 /VM | ||
| 650 | 4 | _aPsicoterapia | |
| 650 | 4 | _aPsicoterapia familiar | |
| 700 | 1 |
_aEspinal Estévez, Piero, _eedición |
|
| 700 | 1 |
_aOliveira, Isabela, _eprólogo |
|
| 700 | 1 |
_aVásquez, Juan José, _eil. |
|
| 910 | _aVMateo V. Control de calidad BPMSU | ||
| 942 |
_2ddc _cBK |
||
| 999 |
_c14640 _d14640 |
||